Bulgaria : Questions and answers

Đã lưu trong:
書目詳細資料
主要作者: Peter Bakurdjiev
格式: 圖書
語言:Undetermined
出版: New Jersey 1974
主題:
標簽: 添加標簽
沒有標簽, 成為第一個標記此記錄!
Thư viện lưu trữ: Trung tâm Học liệu Trường Đại học Cần Thơ
LEADER 00455nam a2200169Ia 4500
001 CTU_84881
008 210402s9999 xx 000 0 und d
082 |a 330 
082 |b B166 
100 |a Peter Bakurdjiev 
245 0 |a Bulgaria : 
245 0 |b Questions and answers 
245 0 |c Peter Bakurdjiev, Viktor Velev 
260 |a New Jersey 
260 |c 1974 
650 |a investments, foreign 
980 |a Trung tâm Học liệu Trường Đại học Cần Thơ